Transnational corporation and global macroeconomic development

Vytváranie transnacionálnych spoločností je kľúčovým fenoménom podnikania začiatku 21. storočia. Transnacionálne spoločnosti ovplyvňujú spoločnosť vo všetkých oblastiach. Výskum bol uskutočnený v rokoch 2008-2011. Boli použité metódy matematickej a štatistickej analýzy a metóda Delphi. Výskum ukázal...

Full description

Saved in:
Bibliographic Details
Main Author: Skopalová, Dita
Format: Book Chapter
Language:English
Subjects:
Tags: Add Tag
No Tags, Be the first to tag this record!

MARC

LEADER 00000nla a2200000 4500
001 0193557
005 20240417075050.5
041 0 |a eng 
044 |a CZ 
245 1 0 |a Transnational corporation and global macroeconomic development  |c Dita Skopalová 
520 |a Vytváranie transnacionálnych spoločností je kľúčovým fenoménom podnikania začiatku 21. storočia. Transnacionálne spoločnosti ovplyvňujú spoločnosť vo všetkých oblastiach. Výskum bol uskutočnený v rokoch 2008-2011. Boli použité metódy matematickej a štatistickej analýzy a metóda Delphi. Výskum ukázal, že transnacionálne spoločnosti sú špecifickým fenoménom podnikov. Sú zviazané sieťami a linkami. Tieto siete by mali byť veľmi blízke, ale mali by byť nezávislé od materskej spoločnosti. Je neuveriteľne ťažké mapovať geografiu TNC, ale je známe, že pre umiestnenie TNC je veľmi dôležitá situácia na lokálnom trhu hostiteľskej krajiny, jeho rast, počet potenciálnych dodávateľov a prístup k medzinárodným regionálnym trhom. Česko je zrelou hostiteľskou krajinou otvorenou pre priame zahraničné investície. 
610 2 0 |a spoločnosti nadnárodné 
610 2 0 |a korporácie transnacionálne 
610 2 0 |a vývoj hospodársky 
610 2 0 |a makroekonomika 
610 2 0 |a Česko 
610 2 0 |a investície priame zahraničné 
100 1 |a Skopalová, Dita